000 00674nam a2200241Ia 4500
003 OSt
005 20220925204320.0
006 a|||||r|||| 00| 0
007 ta
008 220923b |||||||| |||| 00| 0 eng d
037 _cGeneral Book
040 _aRTL
_cRTL
_beng
041 _2eng
_aeng
082 _aX:85.1(X).N8, M6
110 _aInternational Trade Centre
245 0 _aExport marketing of technical consulting services
260 _aGeneva
_bUnited Nations
_c1986
300 _a127p.
_ccm.
650 _aTop Management
700 _aInternational Trade Centre
942 _hX:85.1(X).N8, M6
_cGB
_2CC
999 _c549127
_d549127